000
00201 a2200097 4500
001
3014
100
_a
Perzada, S.S.
245
_a
Foundation of Pakistan
260
_a
_b
N.P.A.
_c
090
_c
2299
_d
2299
942
_a
NUST-CAE
_c
M
_c
14435
999
_c
238087
_d
238087